| 000 | 00717nam a22001937a 4500 | ||
|---|---|---|---|
| 999 |
_c63204 _d63204 |
||
| 005 | 20250626111459.0 | ||
| 008 | 250626s2019 enk||||| |||| 00| 0 eng d | ||
| 020 | _a9781785365263x | ||
| 041 | _ageo | ||
| 080 | _a342.41 C-73 | ||
| 245 |
_aComparative Constitution Making / _cEditors: David Landau and Hanna Lerner. |
||
| 264 |
_aCheltenham : _b Edward Elgar Publishing, _c2019. |
||
| 300 |
_a614 p.; _b25 sm. |
||
| 653 | _aშედარებითი კონსტიტუციის შექმნა | ||
| 653 | _aსამათალი | ||
| 700 |
_aLandau, David _eრედაქტორი _925543 |
||
| 700 |
_aLerner, Hanna _eრედაქტორი _925544 |
||
| 942 |
_2udc _cᲬᲘᲒᲜᲘ |
||